Statistics for Kansas Geographic Wonders

Click here to take the quiz!

General Stats

  • This quiz has been taken 6 times
  • The average score is 7 of 20

Answer Stats

Answer% Correct
Castle Rock Badlands
75%
Konza Prairie
75%
Mt. Sunflower
75%
Cheyenne Bottoms
50%
Little Jerusalem
50%
Wilson Lake
50%
Arikaree Breaks
25%
Bourbon Falls
25%
Cedar Bluff Reservoir
25%
Clark County State Lake
25%
Cowley Falls
25%
Cross Timbers State Park
25%
Elk City State Park
25%
Geographic Center of the U.S.
25%
Gypsum Hills
25%
Kanopolis State Park
25%
Lake Scott
25%
Monument Rocks
25%
Mushroom Rock State Park
25%
Schermerhorn Park
25%

Score Distribution

Percentile by Number Answered

Percent of People with Each Score

Your Score History

You have not taken this quiz